[Event "Regensburg Donau Cup"]
[Site "Regensburg"]
[Date "2017.05.26"]
[Round "2"]
[White "Burkhardt, Holger"]
[Black "Jobst, Thomas"]
[Result "1/2-1/2"]
[WhiteElo "2015"]
[BlackElo "1756"]
[PlyCount "93"]
[EventDate "2017.05.24"]
[EventType "swiss"]
[EventRounds "7"]
[EventCountry "GER"]
[SourceTitle "CBM 178 Extra"]
[Source "ChessBase"]
[SourceDate "2017.06.22"]
[SourceVersion "1"]
[SourceVersionDate "2017.06.22"]
[SourceQuality "1"]

1. d4 Nf6 2. Bf4 g6 3. e3 Bg7 4. Nf3 d5 5. Be2 c5 6. c3 Nc6 7. h3 Qb6 8. Qb3 Qa5 9. 0-0 0-0 10. Nbd2 c4 11. Qd1 b5 12. b4 Qa3 13. Qc1 Qxc1 14. Rfxc1 Bb7 15. a4 a6 16. Bd1 Nd7 17. Bc2 f6 18. Nb1 e5 19. Bh2 Nb6 20. a5 Nd7 21. Nbd2 Rae8 22. Kf1 e4 23. Ng1 Bh6 24. Ne2 g5 25. h4 Rf7 26. Ng3 f5 27. hxg5 Bxg5 28. Nh5 Nd8 29. Bf4 Bxf4 30. Nxf4 Ne6 31. Nxe6 Rxe6 32. g3 Rh6 33. Kg2 Nf8 34. Rh1 Rff6 35. Rxh6 Rxh6 36. Bd1 Bc6 37. Be2 Be8 38. Nb1 Ne6 39. f4 Bh5 40. Bxh5 Rxh5 41. Na3 Nc7 42. Rg1 Rh6 43. Nb1 Ne8 44. Rh1 Rxh1 45. Kxh1 h5 46. Kg2 Kg7 47. Na3 1/2-1/2